Treballs del Servei de Sanitat : 1917 a 1921 : I : paludisme 1917 a 1921 :
Descripción Física:
222 p. ; 25 cm
Materias:
Paludisme -- Catalunya
MARC
| LEADER | 00000nam a2200000Ia 4500 | ||
|---|---|---|---|
| 001 | 9927 | ||
| 008 | 160829s1922 xx 000 0 cat d | ||
| 710 | 2 | |a Catalunya. |b Mancomunitat |9 53015 | |
| 856 | 4 | |u https://media.diba.cat/diba/fitxers/arxiu/mancomunitat/bib_9927_1922_web.pdf |y Accés lliure | |
| 952 | |0 0 |1 0 |4 0 |6 C1234 |7 1 |9 43094 |a Arxiu |b Arxiu |d 2016-12-01 |l 0 |o C-1-234 |p 9927 |r 2016-12-01 00:00:00 |w 2016-12-01 |y ARXIU | ||
| 999 | |c 45638 |d 45638 | ||
| 080 | |a C-1-234 | ||
| 100 | |a Catalunya. Servei de Sanitat |9 24336 | ||
| 245 | |a Treballs del Servei de Sanitat : |b 1917 a 1921 : |b I : |b paludisme | ||
| 260 | |a Barcelona : |b Mancomunitat de Catalunya, |c 1922 | ||
| 300 | |a 222 p. ; |c 25 cm | ||
| 650 | |a Paludisme |x Catalunya |9 24337 | ||
| 901 | |a Arxiu | ||
| 942 | |n 1 |2 udc | ||